• 首页
  • 本馆介绍
  • 公告通知
  • 最新文献
  • 馆藏检索
  • 电子资源
  • 读者导购
  • 参考咨询
  • 我的图书馆
  • 登录
  • 详细信息显示
  • 放入我的书架
  • 预约/预借图书
  • 作者相关作品
  • 分类相关作品
  • 丛书相关作品
  • 出版社相关作品

书目信息

  • 表格格式
  • 工作单格式
  • 卡片格式
题名:
炼焦学
    
 
作者: 姚昭章 , 郑明东 主编
分册:  
出版信息: 北京   冶金工业出版社  2005
页数: 371页
开本: 26cm
丛书名:
单 册:
中图分类: TQ52
科图分类:
主题词: 炼焦--高等学校--教材 , 炼焦
电子资源:
ISBN: 978-7-5024-3753-4
000 00868nam0 2200277 45
001 1355440608
005 20130513151513.07
010    @a978-7-5024-3753-4@dCNY39.00
100    @a20130108d2005 em y0chiy0110 ea
101 0  @achi
102    @aCN@b110000
105    @ay z 000yy
106    @ar
200 1  @a炼焦学@ALian Jiao Xue@f姚昭章,郑明东主编@FYao Zhao Zhang, Zheng Ming Dong Zhu Bian
205    @a3版
210    @a北京@c冶金工业出版社@d2005
215    @a371页@d26cm
300    @a高等学校教学用书
330    @a本书内容分为11章,包括:焦炭室式炼焦过程与配煤原理,炼焦煤料的预处理,炼焦炉及其设备,炼焦生产操作等。
606 0  @a炼焦@x高等学校@j教材
606 0  @a炼焦
690    @aTQ52@v5
701  0 @a姚昭章@AYao Zhao Zhang@4主编
701  0 @a郑明东@AZheng Ming Dong@4主编
801    @aCN@bTANGWEI@c20130111
905    @b0831421-23@dTQ52@e37=3@f3
    
    炼焦学/姚昭章,郑明东主编.-3版.-北京:冶金工业出版社,2005
    371页;26cm
    高等学校教学用书
    
    ISBN 978-7-5024-3753-4:CNY39.00
    本书内容分为11章,包括:焦炭室式炼焦过程与配煤原理,炼焦煤料的预处理,炼焦炉及其设备,炼焦生产操作等。
●
相关链接 在E读中查询图书 在五车中查询图书 在当当中查询图书 在豆瓣中查询图书


正题名:炼焦学     索取号:TQ52/37=3         预约/预借

序号 登录号 条形码 馆藏地/架位号 状态 备注
1 0831421   208314215   第二样本阅览室/ [索取号:TQ52/37=3] 在馆    
2 0831422   208314224   密集书库-化学系/ [索取号:TQ52/37=3] 在馆    
3 0831423   208314233   第三借阅区/ [索取号:TQ52/37=3] 在馆    
唐山师范学院图书馆 欢迎您!
大连网信软件有限公司© 版权所有